Indian books in print 2000 (Record no. 391533)

000 -LEADER
fixed length control field 00417cam a22001337a 4500
008 - FIXED-LENGTH DATA ELEMENTS--GENERAL INFORMATION
fixed length control field 180718b2000 xxu||||| |||| 00| 0 eng d
082 ## - DEWEY DECIMAL CLASSIFICATION NUMBER
Classification number A2x54 Si64/2000 (R)
245 ## - TITLE STATEMENT
Title Indian books in print 2000
Statement of responsibility, etc. edited by Sher Singh
260 ## - PUBLICATION, DISTRIBUTION, ETC.
Place of publication, distribution, etc. Delhi
Name of publisher, distributor, etc. Indian Bibliogrphies Bureau
Date of publication, distribution, etc. 2000
300 ## - PHYSICAL DESCRIPTION
Extent 3v.
500 ## - GENERAL NOTE
General note Contents: v.1 Authors;v.2 Title;v.3 Subject guide
650 ## - SUBJECT ADDED ENTRY--TOPICAL TERM
Topical term or geographic name entry element India - Bibliography
700 ## - ADDED ENTRY--PERSONAL NAME
Personal name Singh Sher
Holdings
Withdrawn status Lost status Damaged status Not for loan Permanent Location Current Location Date acquired Full call number Barcode Date last seen Price effective from Koha item type
        Indian Institute of Public Administration Indian Institute of Public Administration 2000-02-22 A2x54 Si64/2000 (R) 74870 2018-07-21 2018-07-21 Book
        Indian Institute of Public Administration Indian Institute of Public Administration 2000-02-22 A2x54 Si64/2000 (R) 74869 2018-07-21 2018-07-21 Book
        Indian Institute of Public Administration Indian Institute of Public Administration 2000-02-22 A2x54 Si64/2000 (R) 74868 2018-07-21 2018-07-21 Book

Powered by Koha